000 00599nam a22002177a 4500
003 UA-OsUOA
001 817
007 ta
008 20050706b un ||||| |||| 00| 0 ukr d
090 _a7.05
942 _cBK
040 _aUA-OsUOA
_brus
_cUA-OsUOA
_dUA-OsUOA
245 _aХудожественное творчество
_bВопросы комплексного изучения
300 _a277 с.
955 _a0
041 _arus
080 _a7.05
260 _aСПб
_bНаука
_c1982
650 7 _a7.0 Загальні питання мистецтва
_2UDC
999 _c286982
_d286982